Geography Quiz

Random Geography or City Quiz
Score 0/7 Timer 02:30
140 Plays Today
% Correct
Nuuk
95.3%
Nome
91%
Reykjavík
89.7%
Iqaluit
81.4%
Yakutsk
78.1%
Longyearbyen
78%
Belushya Guba
72.5%

You're not logged in!

Compare scores with friends on all Sporcle quizzes.
OR
Log In

Sporcle TV

Today on Sporcle TV


Watch our educational content, quiz creation guides, and fun videos on Sporcle TV.

Show Comments

Extras

Top Quizzes Today


Score Distribution

Paid Content

Your Account Isn't Verified!

In order to create a playlist on Sporcle, you need to verify the email address you used during registration. Go to your Sporcle Settings to finish the process.

Report this User

Report this user for behavior that violates our Community Guidelines.

Details: